000 01052cab a2200193 4500
001 L130682
008 050824n2005 000 0 eng u
035 _a(Sirsi) u130682
041 _aeng
245 _aFocus: lifestyle and tourism property
260 _c2005
490 _aEstates Gazette
_v(0533) 20 August 2005, 47-53(6)
520 _aCovers buying a second home for investment and purchasing a leisure business abroad. In "Sun, sea...and a good little earner" Graham Norwood looks at the current favourite locations for buying a holiday home abroad such as Spain and the Alps, long-haul options in the Bahamas and Kenya and the emerging markets of China and Russia. David Quinn in "A working holiday?" suggests some commonsense rules that private investors in leisure property overseas should follow to make their ventures successful. Points to the advantages of buying leisure properties in the UK.
590 _aIKA300805
690 _aPROPERTY-INVESTMENT PROPERTY
700 _aNorwood, Graham
700 _aQuinn, David
942 _n0
999 _c75770
_d75770